000 01085cam a2200217 4500
001 ABS64556
008 010917n2001 000 0 eng u
035 _a(Sirsi) u114596
100 _aDixon, G.
245 _aEnvironmental surveyors needed in Europe
260 _c2001
490 _aCSM (Chartered Surveyor Monthly)
_vSeptember 2001, 26(1)
520 _aSuggests that there are huge opportunities for environmental chartered surveyors in Europe - particularly in Eastern Europe. Funding to pump prime cities and clean up projects is currently available from many foreign investors. However, as was communicated at the North European Property and Investment Exhibition, held in Oksnehallen near Copenhagen in June 2001, the RICS needs to increase the market's awareness of the variety of roles its members can play, particularly in environmental project management.
590 _aABS
650 _aEUROPE
650 _aENVIRONMENTAL CHARTERED SURVEYORS
650 _aOPPORTUNITIES
650 _aRICS ENVIRONMENT FACULTY
690 _aINTERNATIONAL-EUROPE
942 _n0
999 _c68277
_d68277